[Event "Mechanics' Spring TNM; 30/90, SD/30"]
[Site "San Francisco"]
[Date "2012.04.10"]
[Round "5.12"]
[White "Andries, Craig"]
[Black "Ganesh, Vikram"]
[Result "1-0"]
[WhiteElo "1950"]
[BlackElo "1831"]
[PlyCount "131"]
[EventDate "2012.??.??"]

1. e4 e5 2. d3 Nf6 3. Nf3 Nc6 4. Nbd2 d5 5. g3 dxe4 6. dxe4 Bc5 7. Bg2 O-O 8.
O-O Bg4 9. Re1 Qd7 10. c3 Rad8 11. Qe2 Qd3 12. Bf1 Qxe2 13. Bxe2 Bb6 14. Kg2
Bh5 15. h3 Bg6 16. Bf1 a6 17. Nh4 Nh5 18. Bc4 Na5 19. Nxg6 hxg6 20. Be2 Nc6 21.
a4 Nf6 22. f3 Nd7 23. b4 f5 24. Bc4+ Kh8 25. Bd5 f4 26. g4 Nf6 27. Bb3 Rd3 28.
Nb1 Nxb4 29. Ba3 c5 30. cxb4 Rxb3 31. bxc5 Ba5 32. Rd1 Rd8 33. Rxd8+ Bxd8 34.
Nd2 Rc3 35. Ra2 Nd7 36. Nb1 Rc4 37. Rd2 Rd4 38. Rxd4 exd4 39. Nd2 d3 40. Nc4 $2
(40. Kf1) 40... Ne5 41. Nb2 Bh4 (41... d2 $1 42. Kf2 (42. c6 Nxc6) 42... Nc4)
42. Bb4 Bf6 43. Kf2 Nxg4+ 44. hxg4 Bxb2 45. Ke1 Bc1 46. Bd2 Ba3 47. Bxf4 Bxc5
48. Kd2 Kg8 49. Kxd3 Kf7 50. Kc4 Bf2 51. Be5 g5 52. Kd5 g6 53. Bd6 b5 54. axb5
axb5 55. Bb4 Be3 56. Kc6 Bf2 57. Kxb5 Kf6 58. Kc6 Be3 59. Kd5 Bf4 60. Bc5 Bd2
61. Bd4+ Kf7 62. e5 Bf4 63. Kc6 Bc1 64. Kd7 Ba3 65. e6+ Kf8 66. Bf6 1-0

[Event "Mechanics' Mar TNM; 30/90, SD/30"]
[Site "San Francisco"]
[Date "2012.09.25"]
[Round "9.13"]
[White "Andries, Craig"]
[Black "Hack, Richard"]
[Result "1-0"]
[WhiteElo "1919"]
[BlackElo "1666"]
[PlyCount "59"]
[EventDate "2012.??.??"]

1. Nf3 f5 2. g3 Nf6 3. Bg2 g6 4. O-O Bg7 5. d4 d6 6. c4 O-O 7. Nc3 Qe8 8. b3
Na6 9. a3 c6 10. Bb2 e5 11. e3 e4 12. Nd2 d5 13. cxd5 cxd5 14. b4 Bd7 15. Rc1
Nc7 16. Qb3 Kh8 17. a4 a6 18. Qa2 a5 19. b5 b6 20. Ncxe4 fxe4 21. Rxc7 Qd8 22.
Rc2 Rc8 23. Ba3 Rf7 24. Rxc8 Bxc8 25. Nxe4 Nxe4 26. Bxe4 Be6 27. Bg2 Rd7 28.
Rc1 Bf5 29. Qb3 Be6 30. Rc6 {Black's flag fell in a lost position.} 1-0

[Event "Mechanics' Spring TNM; 30/90, SD/30"]
[Site "San Francisco"]
[Date "2012.03.27"]
[Round "3.13"]
[White "Andries, Craig"]
[Black "Harris, John"]
[Result "1-0"]
[WhiteElo "1950"]
[BlackElo "1737"]
[PlyCount "102"]
[EventDate "2012.??.??"]

1. e4 e5 2. d3 d6 3. g3 Be6 4. Bg2 Nc6 5. Nf3 h6 6. Nbd2 Qd7 7. h3 Be7 8. c3
O-O-O 9. b4 Bf6 10. b5 Nce7 11. c4 g5 12. Qa4 Kb8 13. Nb3 c5 14. bxc6 Qxc6 15.
Qa3 g4 16. hxg4 Bxg4 17. Rb1 Rd7 18. Be3 Nc8 19. Qc1 Bg7 20. Kf1 Nb6 21. Nh4
Ne7 22. Qc2 Qa4 23. Qd2 Be6 24. Kg1 Rc7 25. Bf3 f5 26. Bd1 Qd7 27. c5 Nbc8 28.
Bf3 d5 29. Nxf5 Bxf5 30. exf5 Qxf5 31. Bg2 Qg6 32. Qe2 Ka8 33. Bd2 Re8 34. Ba5
b6 35. cxb6 Nxb6 36. Bxb6 axb6 37. Rh4 Nc8 38. Ra4+ Ra7 39. Rxa7+ Nxa7 40. Nd2
Nc6 41. Rxb6 Ka7 42. Rb1 Nd4 43. Qd1 Qa6 44. Nb3 Nb5 45. Nc5 Qa5 46. Qg4 Bf8
47. Nd7 Rc8 48. Nxf8 Rxf8 49. Qd7+ Ka6 50. Qxd5 Rb8 51. Qxe5 Rb6 1-0

[Event "Mechanics' Summer TNM; 30/90, SD/30"]
[Site "San Francisco"]
[Date "2012.06.12"]
[Round "4.14"]
[White "Andries, Craig"]
[Black "Jaffray, John"]
[Result "1/2-1/2"]
[WhiteElo "1950"]
[BlackElo "2031"]
[PlyCount "89"]
[EventDate "2012.??.??"]

1. Nf3 c5 2. e4 Nc6 3. d3 g6 4. g3 Bg7 5. Bg2 e6 6. O-O Nge7 7. Nbd2 O-O 8. c3
d5 9. Qe2 Qc7 10. Re1 e5 11. exd5 Nxd5 12. Nc4 Bg4 13. h3 Bxf3 14. Bxf3 Nde7
15. Ne3 Rad8 16. Bg2 Rfe8 17. Nf1 Qd6 18. Be3 Nd5 19. Rad1 Nc7 20. f3 Ne6 21.
Bf2 f5 22. Qc2 Kf8 23. Ne3 f4 24. Nc4 Qd5 25. g4 b5 26. Na3 a6 27. b3 Ng5 28.
Qe2 Rd7 29. h4 Nf7 30. Nc2 Kg8 31. Bh3 Red8 32. g5 Rc7 33. Qe4 Ne7 34. Re2 Rc6
35. Red2 h6 36. gxh6 Nxh6 37. c4 Qd6 38. cxb5 axb5 39. Na3 b4 40. Nc4 Qd5 41.
Na5 Rc7 42. Nc4 Nhf5 43. h5 Qxe4 44. dxe4 Nd4 45. Bg4 1/2-1/2

[Event "Mechanics' Fall TNM; 30/90, SD/30"]
[Site "San Francisco"]
[Date "2012.11.27"]
[Round "7.10"]
[White "Andries, Craig"]
[Black "James, Charles"]
[Result "1-0"]
[WhiteElo "1953"]
[BlackElo "1497"]
[PlyCount "52"]
[EventDate "2012.??.??"]

1. Nf3 f5 2. g3 Nf6 3. Bg2 g6 4. d4 Bg7 5. c4 O-O 6. O-O d6 7. Nc3 Qe8 8. e3 e5
9. Qc2 e4 10. Nd2 c6 11. b4 d5 12. cxd5 cxd5 13. Qb3 Be6 14. a4 a6 15. Ba3 b5
16. Bb2 Qc6 17. Rfc1 Qb7 18. axb5 Nbd7 19. Bf1 Rfb8 20. Rxa6 Rxa6 21. bxa6 Qxb4
22. Qxb4 Rxb4 23. a7 Nb6 24. Ba3 Bf8 25. Bxb4 Bxb4 26. Rb1 Ba5 1-0

[Event "Mechanics' Mar TNM; 30/90, SD/30"]
[Site "San Francisco"]
[Date "2012.07.31"]
[Round "1.12"]
[White "Andries, Craig"]
[Black "James, Charles"]
[Result "1-0"]
[WhiteElo "1919"]
[BlackElo "1482"]
[PlyCount "67"]
[EventDate "2012.??.??"]

1. Nf3 d5 2. d3 c5 3. g3 Nc6 4. Bg2 Nf6 5. O-O e5 6. Nbd2 b5 7. e4 d4 8. a4 Bd7
9. axb5 Nb4 10. Nxe5 Bxb5 11. Nec4 Nc6 12. e5 Nd5 13. Qf3 Ncb4 14. c3 Nc2 15.
Nd6+ Bxd6 16. Qxd5 (16. exd6 O-O 17. Qxd5) 16... Rc8 17. Rxa7 Be7 18. Qb3 Bxd3
19. c4 $2 (19. Be4 Bxf1 {
was easily winning. The text gives Black's knight an escape square on b4.} 20.
Nxf1) 19... Bxf1 20. Bxf1 Nb4 21. Qa4+ Nc6 22. Bh3 O-O 23. Bxc8 Nxa7 $2 (23...
Qxc8 $1) 24. Qxa7 Qxc8 25. Qxe7 Qf5 26. Nf1 Rc8 27. Bd2 Qe6 28. Qg5 (28. Qb7 {
kept Black tied up.}) 28... Qxc4 29. h4 Rb8 30. h5 Qe6 31. Qh4 h6 32. g4 Qxe5
33. g5 Qe7 (33... hxg5 34. Bxg5 Rxb2 {was winning for Black.}) 34. Qg3 {
The scoresheets of both players are illegible beyond this point.} 1-0

[Event "Mechanics' Summer TNM; 30/90, SD/30"]
[Site "San Francisco"]
[Date "2012.07.03"]
[Round "7.6"]
[White "Andries, Craig"]
[Black "Lopez, Jorge"]
[Result "1/2-1/2"]
[WhiteElo "1950"]
[BlackElo "2182"]
[PlyCount "82"]
[EventDate "2012.??.??"]

1. e4 d5 2. exd5 Nf6 3. d4 Nxd5 4. Nf3 Nf6 5. h3 g6 6. Bd3 Bg7 7. O-O O-O 8.
Re1 c5 9. dxc5 Nfd7 10. c3 Nxc5 11. Bc2 Qxd1 12. Rxd1 Bf5 13. Bxf5 gxf5 14. Rd5
Na4 15. Rxf5 Rd8 16. Nbd2 Nc6 17. h4 Rd7 18. Rf4 b5 19. Rg4 f5 20. Rg5 e6 21.
h5 Kf7 22. Kh2 Bh6 23. Nb3 Bxg5 24. Bxg5 Nxb2 25. Be3 e5 26. Rb1 Na4 27. Nc5
Nxc5 28. Bxc5 a6 29. c4 Rb8 30. cxb5 Rxb5 31. Rc1 e4 32. Ng5+ Kf6 33. Be3 Ne5
34. Bf4 Rb6 35. Rc8 Ng4+ 36. Kg3 h6 37. Nxe4+ fxe4 38. Kxg4 Rg7+ 39. Kh3 Kf7
40. Be3 Re6 41. g4 Rh7 1/2-1/2

[Event "Mechanics' Summer TNM; 30/90, SD/30"]
[Site "San Francisco"]
[Date "2012.05.29"]
[Round "2.8"]
[White "Andries, Craig"]
[Black "Royzen, Igor"]
[Result "1/2-1/2"]
[WhiteElo "1950"]
[BlackElo "1851"]
[PlyCount "51"]
[EventDate "2012.??.??"]

1. e4 c6 2. d3 d5 3. Nd2 e5 4. Ngf3 Bd6 5. g3 Nf6 6. Bg2 Be6 7. Qe2 Nbd7 8. O-O
O-O 9. Ng5 Bg4 10. f3 Bh5 11. g4 Bg6 12. h4 h6 13. Nh3 Qc7 14. Kh1 Nc5 15. Nb3
Ne6 16. Be3 Rad8 17. Nd2 Kh8 18. Rg1 Rg8 19. Nf1 Bc5 20. Bxc5 Nxc5 21. Ng3 Rde8
22. a4 a5 23. b3 Ne6 24. c3 Qb6 25. Rab1 Qc5 26. Rgc1 1/2-1/2

[Event "Mechanics' Summer TNM; 30/90, SD/30"]
[Site "San Francisco"]
[Date "2012.06.05"]
[Round "3.5"]
[White "Andries, Craig"]
[Black "Rumph, Todd"]
[Result "0-1"]
[WhiteElo "1950"]
[BlackElo "2182"]
[PlyCount "94"]
[EventDate "2012.??.??"]

1. e4 c5 2. d3 Nc6 3. Nf3 g6 4. g3 Bg7 5. Bg2 d6 6. O-O e5 7. c3 Nge7 8. Nbd2
O-O 9. Nh4 Be6 10. f4 exf4 11. gxf4 Qd7 12. Ndf3 d5 13. Qe2 Rad8 14. Ng5 dxe4
15. dxe4 Bg4 16. Bf3 Bxf3 17. Qxf3 h6 18. Nh3 f5 19. e5 Kh7 20. Be3 Qd5 21.
Rfd1 Qc4 22. Qf2 b6 23. Nf3 Kg8 24. a3 Rd3 25. Ne1 Rxd1 26. Rxd1 Nxe5 27. Qh4
Qe2 28. Qxe7 Qxd1 29. Qe6+ Kh7 30. Kf1 Nd3 31. Bf2 Nxe1 32. Qxe1 Qg4 33. Qe3
Rd8 34. Be1 c4 35. Nf2 Qh5 36. Qe7 Rf8 37. h4 g5 38. hxg5 Re8 39. g6+ Qxg6 40.
Qd7 Qh5 41. Qd2 Bf6 42. Qd1 Qg6 43. Qd5 Bh4 44. Qxc4 Rxe1+ 45. Kxe1 Qg1+ 46.
Qf1 Bxf2+ 47. Ke2 Qxf1+ 0-1

[Event "Mechanics' Spring TNM; 30/90, SD/30"]
[Site "San Francisco"]
[Date "2012.03.13"]
[Round "1.17"]
[White "Andries, Craig"]
[Black "Starr, Albert"]
[Result "1-0"]
[WhiteElo "1950"]
[BlackElo "1473"]
[PlyCount "73"]
[EventDate "2012.??.??"]

1. Nf3 b5 2. e4 Bb7 3. d3 e6 4. g3 d6 5. Bg2 Nf6 6. O-O Be7 7. Nc3 b4 8. Ne2
O-O 9. Bd2 c5 10. a3 a5 11. axb4 axb4 12. Rxa8 Bxa8 13. Qa1 Nbd7 14. Qa7 Qb6
15. Ra1 Qxa7 16. Rxa7 Bc6 17. c3 Bb5 18. Nc1 bxc3 19. Bxc3 Re8 20. h3 h6 21.
Bf1 Bf8 22. Nd2 Rb8 23. Nb1 d5 24. Na3 dxe4 25. Nxb5 Rxb5 26. dxe4 Rb8 27. e5
Nd5 28. Rxd7 Nxc3 29. bxc3 Rb1 30. Ne2 g5 31. f4 Kg7 32. c4 Kg6 33. Nc3 Rb3 34.
Bd3+ Kh5 35. Ne4 gxf4 36. Nf6+ Kg5 37. h4# 1-0

[Event "Mechanics' Mar TNM; 30/90, SD/30"]
[Site "San Francisco"]
[Date "2012.09.11"]
[Round "7.8"]
[White "Andries, Craig"]
[Black "Starr, Albert"]
[Result "1/2-1/2"]
[WhiteElo "1919"]
[BlackElo "1562"]
[Annotator "Donaldson"]
[PlyCount "120"]
[EventDate "2012.??.??"]

1. Nf3 b5 2. g3 Bb7 3. Bg2 e6 4. d3 Nf6 5. e4 d6 6. O-O Be7 7. Nbd2 O-O 8. c3
c5 9. Re1 Nbd7 10. d4 a5 11. h3 a4 12. e5 dxe5 13. dxe5 Nd5 14. Qe2 b4 15. c4
N5b6 16. Qe3 Ra7 17. Bf1 Qa8 18. Bd3 g6 19. Ne4 Rd8 20. Qf4 Nf8 21. Nfg5 Bxg5
22. Nxg5 Bh1 23. Be4 Bxe4 24. Nxe4 Rd4 25. Qf3 $2 (25. Nf6+) 25... Nxc4 26. Bh6
Nd7 27. Nf6+ Kh8 28. Ne4 Ncxe5 29. Qe2 f5 30. Ng5 Qd5 31. Rad1 Nf6 $2 (31...
Kg8) 32. Qxe5 $2 (32. Rxd4 cxd4 33. Qxe5) 32... Qxe5 33. Nf7+ Rxf7 34. Rxe5
Rxd1+ 35. Kg2 Rd5 36. Rxe6 Ng8 37. Re8 Re7 38. Rc8 Rde5 39. Bf4 Kg7 40. Rc7
R5e6 41. Rxc5 Nf6 42. Rb5 Re4 43. Ra5 Re2 44. Rxa4 Rxb2 45. Ra8 Ree2 46. Ra7+
Kg8 47. Bh6 Ne8 48. Rb7 Rxf2+ 49. Kg1 Rg2+ 50. Kf1 Rxg3 51. Re7 Rf3+ 52. Kg1
Rd3 $2 53. Rxe8+ Kf7 54. Re1 Rxh3 55. Bf4 Rxa2 56. Rc1 Rc3 57. Rb1 b3 58. Be5
Rcc2 59. Bd4 b2 60. Bxb2 Raxb2 {Both sides stopped keeping score here due to
time pressure. Black was unable to realize his sizable material advantage.}
1/2-1/2

[Event "Mechanics' Fall TNM; 30/90, SD/30"]
[Site "San Francisco"]
[Date "2012.12.11"]
[Round "9.4"]
[White "Andries, Craig"]
[Black "Traub, Igor"]
[Result "0-1"]
[WhiteElo "1953"]
[BlackElo "2118"]
[PlyCount "58"]
[EventDate "2012.??.??"]

1. Nf3 Nf6 2. d3 d6 3. Nbd2 e5 4. g3 Be7 5. Bg2 O-O 6. e4 c6 7. O-O Bg4 8. h3
Bd7 9. c3 Qc7 10. d4 c5 11. d5 b5 12. Re1 c4 13. Qe2 Na6 14. a4 bxa4 15. Qxc4
Nc5 16. Bf1 Rab8 17. Qe2 Ne8 18. Qe3 f5 19. exf5 Bxf5 20. g4 Bg6 21. Ng5 Bxg5
22. Qxg5 Nf6 23. c4 Nfe4 24. Nxe4 Nxe4 25. Rxe4 Bxe4 26. Rxa4 Rb3 27. Be3 a5
28. Bc1 Qf7 29. f4 Qa7+ 0-1

[Event "Mechanics' Fall TNM; 30/90, SD/30"]
[Site "San Francisco"]
[Date "2012.10.23"]
[Round "2.1"]
[White "Andries, Craig"]
[Black "Winslow, Elliott"]
[Result "0-1"]
[WhiteElo "1953"]
[BlackElo "2293"]
[PlyCount "86"]
[EventDate "2012.??.??"]

1. Nf3 Nf6 2. g3 b6 3. Bg2 Bb7 4. d3 d5 5. O-O e6 6. Nbd2 c5 7. b3 Be7 8. Bb2
Nc6 9. a3 O-O 10. e3 Qc7 11. Qe2 Rad8 12. Rfe1 e5 13. e4 d4 14. h3 b5 15. Nh4
g6 16. Bc1 Ne8 17. Nhf3 Bd6 18. Nf1 f6 19. N1h2 Bc8 20. Nh4 Be6 21. g4 c4 22.
bxc4 bxc4 23. Bf1 Rf7 24. Qf3 c3 25. Be2 Ne7 26. Nf1 Ng7 27. Ng3 Rb8 28. Ng2
Kh8 29. Bd1 f5 30. gxf5 gxf5 31. Rf1 f4 32. Nh5 Rg8 33. Kh2 Qd7 34. Rg1 Nxh5
35. Qxh5 Rfg7 36. Be2 Rg6 37. a4 Bxh3 38. Bf3 Bg4 39. Bxg4 Qxg4 40. Qxg4 Rxg4
41. Ba3 Bxa3 42. Kh3 Bb2 43. f3 Rg3+ 0-1

[Event "Mechanics' Mar TNM; 30/90, SD/30"]
[Site "San Francisco"]
[Date "2012.08.14"]
[Round "3.6"]
[White "Andries, Craig"]
[Black "Wong, Russell"]
[Result "0-1"]
[WhiteElo "1919"]
[BlackElo "2221"]
[PlyCount "64"]
[EventDate "2012.??.??"]

1. Nf3 Nf6 2. d3 d5 3. Nbd2 Nc6 4. g3 e5 5. e4 dxe4 6. dxe4 Bc5 7. Bg2 O-O 8.
O-O Qe7 9. c3 a5 10. a4 b6 11. h3 Ba6 12. Re1 Rad8 13. Bf1 Bxf1 14. Kxf1 Nh5
15. Qe2 f5 16. Nb3 fxe4 17. Qxe4 Nxg3+ 18. fxg3 Qe6 19. Nxc5 Qxh3+ 20. Kf2 bxc5
21. Qxc6 Qh2+ 22. Ke3 Qxg3 23. Qe6+ Kh8 24. Rf1 Qf4+ 25. Ke2 Qe4+ 26. Be3 Rd3
27. Kf2 Rxe3 28. Kg1 Rexf3 29. Rxf3 Qxf3 30. Qxe5 h6 31. Re1 Qf2+ 32. Kh1 Rf4
0-1

[Event "Mechanics' Winter TNM; 30/90, SD/30"]
[Site "San Francisco"]
[Date "2012.02.21"]
[Round "8.14"]
[White "Askin, Michael"]
[Black "Curto, Barry"]
[Result "1-0"]
[WhiteElo "1811"]
[BlackElo "1900"]
[PlyCount "49"]
[EventDate "2012.??.??"]

1. d4 Nf6 2. c4 g6 3. Nc3 Bg7 4. e4 d6 5. Nf3 O-O 6. Be2 e5 7. O-O Nc6 8. d5
Ne7 9. b4 Ne8 10. c5 f5 11. Nd2 f4 12. Bg4 h5 13. Bxc8 Rxc8 14. a4 Nf6 15. Ba3
g5 16. Rc1 Ng6 17. cxd6 cxd6 18. Nb5 a6 19. Rxc8 Qxc8 20. Nxd6 Qc3 21. Qc1 Qd3
22. Rd1 Ng4 23. Nf3 Qb3 24. Nxb7 Bf6 25. Nc5 1-0

[Event "Mechanics' Winter TNM; 30/90, SD/30"]
[Site "San Francisco"]
[Date "2012.02.07"]
[Round "6.7"]
[White "Askin, Michael"]
[Black "Fuentes, Romulo"]
[Result "1/2-1/2"]
[WhiteElo "1811"]
[BlackElo "2211"]
[PlyCount "113"]
[EventDate "2012.??.??"]

1. e4 c5 2. Nf3 d6 3. d4 cxd4 4. Nxd4 Nf6 5. Nc3 a6 6. Bg5 e6 7. f4 Qb6 8. Qd2
Qxb2 9. Rb1 Qa3 10. e5 dxe5 11. fxe5 Nfd7 12. Ne4 h6 13. Bh4 Qxa2 14. Rd1 Qd5
15. Qe3 Qxe5 16. Be2 Bc5 17. Bg3 Bxd4 18. Rxd4 Qa5+ 19. Rd2 O-O 20. Bd6 Re8 21.
O-O Nc6 22. Qf4 Qf5 23. Qh4 Qh7 24. Rxf7 Nd8 25. Bh5 Nxf7 26. Bxf7+ Kxf7 27.
Ng5+ hxg5 28. Qxh7 Nf6 29. Rf2 e5 30. Qh5+ Ke6 31. Rxf6+ gxf6 32. Qxe8+ Kxd6
33. Qd8+ Ke6 34. c4 a5 35. c5 a4 36. g3 a3 37. Qg8+ Ke7 38. Qg7+ Ke6 39. Qg8+
Ke7 40. Qg7+ Ke8 41. Qg8+ Kd7 42. Qf7+ Kc6 43. Qxf6+ Kd5 44. Qd6+ Kc4 45. Qxe5
a2 46. Qa1 g4 47. Qc1+ Kb5 48. Qb2+ Kc6 49. Qf6+ Kd5 50. Qd6+ Kc4 51. Qf4+ Kb5
52. Qf1+ Kxc5 53. Qc1+ Kd6 54. Qf4+ Ke7 55. Qb4+ Kd7 56. Qxg4+ Kc7 57. Qf4+
1/2-1/2

[Event "Mechanics' Winter TNM; 30/90, SD/30"]
[Site "San Francisco"]
[Date "2012.01.10"]
[Round "2.15"]
[White "Askin, Michael"]
[Black "Gaffagan, Steven"]
[Result "1-0"]
[WhiteElo "1811"]
[BlackElo "2054"]
[PlyCount "87"]
[EventDate "2012.??.??"]

1. d4 Nf6 2. c4 e6 3. Nf3 b6 4. g3 Ba6 5. b3 Bb4+ 6. Bd2 Be7 7. Bg2 Bb7 8. O-O
O-O 9. Bc3 d5 10. Nbd2 Nbd7 11. Rc1 Rc8 12. Rc2 c5 13. Ne5 cxd4 14. Bxd4 Nxe5
15. Bxe5 Ba6 16. Qa1 dxc4 17. Nxc4 Bxc4 18. bxc4 b5 19. Rfc1 Rxc4 20. Rxc4 bxc4
21. Rxc4 Qd2 22. Bf3 Rd8 23. Rc7 Rd7 24. Rxd7 Qxd7 25. Qd4 Qxd4 26. Bxd4 a5 27.
Bc6 Kf8 28. e4 g6 29. Kf1 Ng8 30. Ke2 Bb4 31. Kd3 Ne7 32. Bb5 Nc8 33. Bc3 Ke7
34. Bxb4+ axb4 35. Kd4 f6 36. Kc5 e5 37. Kxb4 Kd6 38. a4 Kc7 39. Kc5 Nd6 40.
Bc6 f5 41. f3 Nc8 42. a5 h6 43. a6 Na7 44. Bb7 1-0

[Event "Mechanics' Winter TNM; 30/90, SD/30"]
[Site "San Francisco"]
[Date "2012.01.17"]
[Round "3.8"]
[White "Askin, Michael"]
[Black "Liu, Daniel"]
[Result "1/2-1/2"]
[WhiteElo "1811"]
[BlackElo "2114"]
[PlyCount "82"]
[EventDate "2012.??.??"]

1. d4 Nf6 2. c4 g6 3. Nc3 d5 4. Nf3 Bg7 5. Bg5 Ne4 6. Bh4 Nxc3 7. bxc3 dxc4 8.
Qa4+ Bd7 9. Qxc4 O-O 10. Qb4 Nc6 11. Qxb7 Rb8 12. Qa6 Rb6 13. Qa3 Qb8 14. Nd2
Re8 15. e4 Bh6 16. Nb3 e5 17. d5 Bf8 18. Qc1 Ne7 19. Bc4 c6 20. Nc5 Qd6 21.
Nxd7 Qxd7 22. Qd2 cxd5 23. O-O Qa4 24. Bxe7 dxc4 25. Bxf8 Rxf8 26. Qd5 Qc6 27.
Qxc6 Rxc6 28. Rfd1 Rb8 29. Rd2 Rcb6 30. Kf1 Rb1+ 31. Rxb1 Rxb1+ 32. Ke2 Rc1 33.
Rb2 Rxc3 34. Kd2 Ra3 35. Rc2 Kg7 36. Rxc4 Rxa2+ 37. Ke3 Ra3+ 38. Ke2 f5 39.
Rc7+ Kh6 40. Re7 Ra5 41. g3 Ra2+ 1/2-1/2

[Event "Mechanics' Summer TNM; 30/90, SD/30"]
[Site "San Francisco"]
[Date "2012.06.19"]
[Round "5.23"]
[White "Baker, Morgan"]
[Black "Krienke, Jason"]
[Result "0-1"]
[WhiteElo "1354"]
[BlackElo "1713"]
[PlyCount "100"]
[EventDate "2012.??.??"]

1. e4 e5 2. Nf3 Nc6 3. Bc4 Bc5 4. Nc3 Nf6 5. d3 h6 6. Be3 Bb6 7. Qd2 d6 8. h3
Na5 9. Bb3 Nxb3 10. axb3 Be6 11. O-O O-O 12. d4 exd4 13. Nxd4 Qe7 14. f4 Bd7
15. f5 Nxe4 16. Nd5 Qe5 17. Qd3 Qxd5 18. c4 Qe5 19. Nf3 Bxe3+ 20. Qxe3 Qc5 21.
Nd4 Rfe8 22. Rf4 Nf6 23. Qd3 Bc6 24. Kh1 Re4 25. b4 Qe5 26. Rxe4 Nxe4 27. Nxc6
Nf2+ 28. Kg1 Nxd3 29. Nxe5 Nxe5 30. b3 Nd3 31. b5 a5 32. Kh2 b6 33. Kg3 Re8 34.
Kf3 f6 35. g4 Re1 36. Ra2 Rb1 37. Ke3 Rxb3 38. Rd2 Ne5+ 39. Ke4 Nxc4 40. Rc2
d5+ 41. Kf4 Rxb5 42. Re2 Ne5 43. Rc2 c5 44. Rd2 d4 45. Ke4 d3 46. h4 Kf7 47. h5
Rb4+ 48. Ke3 Nc4+ 49. Kxd3 Nxd2 50. Kxd2 Rb3 0-1

[Event "Mechanics' Summer TNM; 30/90, SD/30"]
[Site "San Francisco"]
[Date "2012.06.05"]
[Round "3.20"]
[White "Baker, Morgan"]
[Black "Miller, David"]
[Result "0-1"]
[WhiteElo "1354"]
[BlackElo "1809"]
[PlyCount "119"]
[EventDate "2012.??.??"]

1. e4 c5 2. c3 g6 3. Nf3 Nc6 4. Bc4 Bg7 5. O-O d6 6. h3 a6 7. a3 e6 8. d3 b5 9.
Ba2 Nge7 10. Be3 O-O 11. d4 cxd4 12. cxd4 d5 13. Nc3 dxe4 14. Nxe4 Nd5 15. Bxd5
Qxd5 16. Nc3 Qd8 17. Qd2 Ne7 18. Bh6 Bxh6 19. Qxh6 Nf5 20. Qf4 Bb7 21. Rad1 Ne7
22. Ng5 Nd5 23. Qh4 Nf6 24. f3 Kg7 25. Rfe1 h6 26. Nge4 Nd5 27. Qg3 Qc7 28.
Qxc7 Nxc7 29. Nc5 Bd5 30. Nxd5 Nxd5 31. g3 Rfd8 32. Re2 Ra7 33. Rxe6 a5 34. Re5
Kf6 35. Rc1 Kg7 36. f4 Nb6 37. Rd1 Nc4 38. Re2 Rc7 39. Nb3 Rcd7 40. Rde1 a4 41.
Nc5 Rxd4 42. Re7 Kf8 43. Rc7 Nd6 44. Nd7+ Kg7 45. Ne5 Rd2 46. Rb1 Kf6 47. Rc6
Kf5 48. Nf3 Rd5 49. Re1 g5 50. fxg5 hxg5 51. g4+ Kf4 52. Rf1 Kg3 53. Rc3 Ne4
54. Re3 Rd3 55. Rxe4 Rxf3 56. Rc1 Rd2 57. Ree1 Rxb2 58. Rb1 Rg2+ 59. Kh1 Rxa3
60. Ra1 0-1

[Event "Mechanics' Summer TNM; 30/90, SD/30"]
[Site "San Francisco"]
[Date "2012.07.10"]
[Round "8.24"]
[White "Baker, Morgan"]
[Black "Rosenstein, Perry"]
[Result "0-1"]
[WhiteElo "1354"]
[BlackElo "1494"]
[PlyCount "64"]
[EventDate "2012.??.??"]

1. e4 c6 2. d4 d5 3. e5 Bf5 4. Nf3 e6 5. a3 c5 6. c3 Nc6 7. Bb5 a6 8. Bxc6+
bxc6 9. O-O Qb6 10. Qe2 c4 11. Ne1 c5 12. Be3 Rb8 13. Ra2 $2 Bxb1 14. dxc5 Bxc5
15. Bxc5 Qxc5 16. Ra1 Bf5 17. b4 cxb3 18. Nd3 Qc4 19. Rfd1 Ne7 20. g4 Bxg4 21.
f3 Bf5 22. Kh1 Ng6 23. Qe3 b2 24. Rab1 Bxd3 25. Rxd3 O-O 26. Rd4 Qa2 27. Rdd1
Qxa3 28. Rg1 Rfc8 29. Qa7 Qxc3 30. Rgf1 Qxe5 31. Qxa6 Rc2 32. f4 Qe4+ 0-1

[Event "Mechanics' Winter TNM; 30/90, SD/30"]
[Site "San Francisco"]
[Date "2012.02.07"]
[Round "6.8"]
[White "Banik, Siddharth"]
[Black "Ganesh, Vikram"]
[Result "1/2-1/2"]
[WhiteElo "1998"]
[BlackElo "1830"]
[PlyCount "70"]
[EventDate "2012.??.??"]

1. e4 c6 2. d4 d5 3. e5 Bf5 4. Nf3 e6 5. Be2 c5 6. Be3 Nd7 7. O-O Ne7 8. c4
cxd4 9. Bxd4 dxc4 10. Na3 Nc6 11. Nxc4 Be7 12. Nd6+ Bxd6 13. exd6 O-O 14. Rc1
Rc8 15. Bb5 Qa5 16. Qa4 Qxa4 17. Bxa4 a6 18. Rfd1 Be4 19. Be3 Rfd8 20. Nd4 Bd5
21. Nxc6 bxc6 22. Rc2 Nf6 23. Bc5 Ne4 24. Ba3 Nxd6 25. Bxc6 Rxc6 26. Rxc6 Bxc6
27. Rxd6 Rxd6 28. Bxd6 f6 29. g3 e5 30. Kf1 Kf7 31. Ke1 Ke6 32. Bf8 Kf7 33. Bc5
Ke6 34. Kd2 f5 35. Kc3 Bb5 1/2-1/2

[Event "Mechanics' Winter TNM; 30/90, SD/30"]
[Site "San Francisco"]
[Date "2012.01.17"]
[Round "3.6"]
[White "Banik, Siddharth"]
[Black "Winslow, Elliott"]
[Result "0-1"]
[WhiteElo "1998"]
[BlackElo "2421"]
[PlyCount "80"]
[EventDate "2012.??.??"]

1. c4 Nf6 2. g3 e6 3. Nf3 d5 4. b3 c5 5. Bg2 Nc6 6. O-O Bd6 7. Bb2 d4 8. e3 e5
9. exd4 cxd4 10. Re1 O-O 11. d3 Bg4 12. Nbd2 Nd7 13. Ne4 Bb4 14. Re2 a5 15. a3
Be7 16. h3 Bh5 17. g4 Bg6 18. Ng3 f6 19. Nh4 Bf7 20. Nhf5 Bc5 21. Qd2 Qb6 22.
Kh1 Kh8 23. Be4 Nd8 24. Nh5 Bxh5 25. gxh5 Ne6 26. Rg1 Rg8 27. Bd5 Nf4 28. Bxg8
Rxg8 29. Re4 Qxb3 30. Nxd4 Qxd3 31. Qxd3 Nxd3 32. Re2 exd4 33. Rd2 Nxb2 34.
Rxb2 b6 35. Rg3 Re8 36. Kg2 h6 37. Rc2 Kg8 38. Rd2 Kf7 39. Rc2 Re1 40. Ra2 Rc1
0-1

[Event "Mechanics' Winter TNM; 30/90, SD/30"]
[Site "San Francisco"]
[Date "2012.01.10"]
[Round "2.18"]
[White "Banik, Siddharth"]
[Black "Wishard, Bruce"]
[Result "1-0"]
[WhiteElo "1998"]
[BlackElo "1370"]
[PlyCount "117"]
[EventDate "2012.??.??"]

1. e4 e5 2. Nf3 Nc6 3. Nc3 Bd6 4. Bc4 h6 5. O-O Nf6 6. Re1 O-O 7. d4 Re8 8.
dxe5 Nxe5 9. Nxe5 Bxe5 10. Qd3 d6 11. Bd2 Bxc3 12. Bxc3 Be6 13. Bxe6 Rxe6 14.
Rad1 Qe7 15. f3 Re8 16. Kh1 c6 17. g4 d5 18. e5 Nd7 19. f4 f6 20. exf6 Nxf6 21.
Rxe6 Qxe6 22. f5 Qe4+ 23. Qxe4 Nxe4 24. Bd4 c5 25. Bg1 b6 26. Rxd5 Re7 27. Rd8+
Kf7 28. Kg2 Ng5 29. h4 Ne4 30. Kf3 g6 31. fxg6+ Kxg6 32. Be3 h5 33. g5 Re6 34.
Rh8 Nd6 35. Rh6+ Kf7 36. Rxh5 Nc4 37. Bf4 a6 38. b3 Na3 39. Rh7+ Kg6 40. Rh6+
Kf7 41. Rxe6 Kxe6 42. c4 b5 43. cxb5 axb5 44. h5 Kf7 45. g6+ Kg7 46. Be5+ Kg8
47. h6 c4 48. h7+ Kf8 49. Bd6+ Kg7 50. Bxa3 Kxg6 51. h8=Q c3 52. Qxc3 Kf5 53.
Qc5+ Ke6 54. Ke4 Kf6 55. Qe5+ Kg6 56. Qf5+ Kg7 57. Bf8+ Kg8 58. Qf6 Kh7 59.
Qg7# 1-0

[Event "Mechanics' Summer TNM; 30/90, SD/30"]
[Site "San Francisco"]
[Date "2012.06.26"]
[Round "6.20"]
[White "Barrow, Lyle"]
[Black "Sherwood, Peter"]
[Result "0-1"]
[WhiteElo "1432"]
[BlackElo "1782"]
[PlyCount "42"]
[EventDate "2012.??.??"]

1. d4 d5 2. c4 dxc4 3. Nf3 Nf6 4. Nc3 e6 5. e3 c5 6. Bxc4 cxd4 7. Qxd4 Nbd7 8.
a3 Bc5 9. Qd1 O-O 10. b4 Bb6 11. O-O a6 12. Qc2 Ba7 13. Bb2 b5 14. Be2 Bb7 15.
h3 Rc8 16. Qb1 Nb6 17. Rd1 Qc7 18. Ne1 Bb8 19. g3 Nc4 20. Ng2 Nxb2 21. Qxb2
Qxc3 0-1

[Event "Mechanics' Summer TNM; 30/90, SD/30"]
[Site "San Francisco"]
[Date "2012.05.22"]
[Round "1.18"]
[White "Barrow, Lyle"]
[Black "Shnaiderman, Lazar"]
[Result "1/2-1/2"]
[WhiteElo "1432"]
[BlackElo "1889"]
[PlyCount "35"]
[EventDate "2012.??.??"]

1. d4 Nf6 2. c4 e5 3. dxe5 Ng4 4. Nf3 Bc5 5. e3 Nc6 6. Be2 Ncxe5 7. O-O O-O 8.
b3 d6 9. Bb2 Nxf3+ 10. Bxf3 Ne5 11. Bxe5 dxe5 12. Qxd8 Rxd8 13. Rd1 Rxd1+ 14.
Bxd1 c6 15. Nc3 Bf5 16. Be2 Rd8 17. Rd1 Rxd1+ 18. Bxd1 1/2-1/2